000 00284nam a2200121 a 4500
008 101210s1958|||| d
100 1 _aFraccaroli, A.
245 1 0 _aŽivot Giacoma Pucciniho
260 _bSVKL
_aBratislava
_c1958
020 _c19,50
041 _aslo
044 _axo
_cSK
999 _c15127
_d15127